| 000 | 00740nam a2200217 a 4500 | ||
|---|---|---|---|
| 001 | 58328 | ||
| 003 | BD-RjUL | ||
| 005 | 20211209080617.0 | ||
| 008 | 161217s1980 bg ||||| |||| 00| 0 ben d | ||
| 035 | _a(BD-RjUL) | ||
| 040 |
_aBD-RjUL _bben _cBD-RjUL |
||
| 041 | _aben | ||
| 082 |
_223 _a306 _bMAS 1980 |
||
| 100 |
_aম্যানহাইস, কার্ল _9171010 |
||
| 245 |
_aসংস্কৃতির সমাজচিত্র / _cকার্ল ম্যানহাইস |
||
| 260 |
_aঢাকা _bবাংলা একাডেমী _c১৯৮০ |
||
| 300 |
_a৩১০ পৃ. ; _c২১ সেমি. |
||
| 650 |
_aসংস্কৃতি _9172798 |
||
| 650 |
_aCulture _9170832 |
||
| 942 |
_2ddc _cBK |
||
| 999 |
_c58328 _d58328 |
||